00669nam a2200145Ia 4500008004100000050002400041100003100065245014600096260008600242300002000328521003000348942000700378999001900385952011900404140724s9999 xx 000 0 und d aHF 5549b.M266 2011 aManansala, Paul Meebert G. aPerformance evaluation of outsource aides and maintenance staff of Southville International School and Colleges /cPaul Meebert G. Manansala. aLas Piñas, Philippines :bSouthville International School and Colleges,cc2011. a55 p. :c28 cm. aHuman Resource Management cTH c228978d228978 001040aCLbCLcTHESESd2014-07-24l1oHF 5549 .M266 2011pT0332r2018-05-15 00:00:00s2015-09-30w2014-07-24yTH